Welcome to the Holygrace Academy Library

Please use search bar below to get started

HOUSE OF CARDS (Record no. 7324)

MARC details
000 -LEADER
fixed length control field 00661nam a22001577a 4500
082 ## - DEWEY DECIMAL CLASSIFICATION NUMBER
Classification number 823
Item number MUR/H
100 ## - MAIN ENTRY--AUTHOR NAME
Personal name MURTY, SUDHA
245 ## - TITLE STATEMENT
Title HOUSE OF CARDS
Remainder of title HOUSE OF CARDS
246 ## - VARYING FORM OF TITLE
Title proper/short title HOUSE OF CARDS
Remainder of title HOUSE OF CARDS
260 ## - PUBLICATION, DISTRIBUTION, ETC. (IMPRINT)
Place of publication INDIA
Name of publisher PENGUIN BOOKS
Year of publication 2007
300 ## - PHYSICAL DESCRIPTION
Number of Pages 232P
520 ## - SUMMARY, ETC.
Summary, etc House of Cards by Sudha Murthy is a beautiful story. Mridula, a village girl from Aladahalli gets married to a doctor in Mumbai and both of them start their life in Bangalore in a simple way. Sanjay, her husband establishes his clinic and in due course becomes corrupt. Mridula does not change.
650 ## - SUBJECT ADDED ENTRY--TOPICAL TERM
Topical Term STORY
Geographic subdivision INDIA
700 ## - ADDED ENTRY--PERSONAL NAME
Personal name MURTHY, SUDHA
942 ## - ADDED ENTRY ELEMENTS (KOHA)
Koha item type Books
Holdings
Withdrawn status Lost status Home library Current library Shelving location Date acquired Cost, normal purchase price Full call number Accession Number Koha item type
Withdrawn   Main Library Main Library SHELF 14 H ALPHEBETICAL - M-FICTION 17/03/2015 250.00 823 MUR/H 08463 Books